Control of abnormal leaf fall disease (Phytophthora palmivora butler) of Hevea in Ceylon (Record no. 20706)

MARC details
000 -LEADER
fixed length control field 00325nam a2200109Ia 4500
082 ## - DEWEY DECIMAL CLASSIFICATION NUMBER
Classification number NR:63:581.2
Item number LLO
100 ## - MAIN ENTRY--AUTHOR NAME
Personal name Lloyd, J H
245 #0 - TITLE STATEMENT
Title Control of abnormal leaf fall disease (Phytophthora palmivora butler) of Hevea in Ceylon
260 ## - PUBLICATION, DISTRIBUTION, ETC. (IMPRINT)
Place of publication Agalawatta
Name of publisher RRIC
942 ## - ADDED ENTRY ELEMENTS (KOHA)
Koha item type Books
Holdings
Withdrawn status Lost status Damaged status Not for loan Home library Current library Date acquired Full call number Accession Number Koha item type
        RRII Library RRII Library 16/12/2021 NR:63:581.2 LLO 01429 Books